Química orgánica (Record no. 81575)

MARC details
000 -LEADER
campo de control de longitud fija 00847nam a2200253 i 4500
001 - NÚMERO DE CONTROL
campo de control 81575
003 - IDENTIFICADOR DE NÚMERO DE CONTROL
campo de control ES-MaACL
005 - FECHA Y HORA DE LA ÚLTIMA TRANSACCIÓN
campo de control 20250815113043.0
007 - CAMPO FIJO DE DESCRIPCIÓN FÍSICA--INFORMACIÓN GENERAL
campo de control de longitud fija t|
008 - DATOS DE LONGITUD FIJA--INFORMACIÓN GENERAL
campo de control de longitud fija 041105s1981 mx ||||1| spa d
020 ## - NÚMERO INTERNACIONAL ESTÁNDAR DEL LIBRO
Número Internacional Estándar del Libro 968-6034-13-7
100 1# - ENTRADA PRINCIPAL--NOMBRE DE PERSONA
Nombre de persona Huheey, James R.
9 (RLIN) 64656
245 10 - MENCIÓN DEL TÍTULO
Título Química orgánica
Resto del título : principios de estructura y reactividad /
Mención de responsabilidad, etc. James E. Huheey ; traducción Raymundo Cea Olivares ; revisión técnica, Jacobo Gómez Lara.
250 ## - MENCION DE EDICION
Mención de edición 2ª ed.
260 ## - PUBLICACIÓN, DISTRIBUCIÓN, ETC.
Lugar de publicación, distribución, etc. México :
Nombre del editor, distribuidor, etc. HARLA, Harper and Row Latinoamericana,
Fecha de publicación, distribución, etc. [1981]
300 ## - DESCRIPCIÓN FÍSICA
Extensión XVI, 950 p. ;
Dimensiones 23 cm.
500 ## - NOTA GENERAL
Nota general Indice.
504 ## - NOTA DE BIBLIOGRAFÍA, ETC.
Nota de bibliografía, etc. Bibliografía.
650 #7 - PUNTO DE ACCESO ADICIONAL DE MATERIA--TÉRMINO DE MATERIA
Término de materia o nombre geográfico como elemento de entrada Química orgánica
Fuente del encabezamiento o término embne
9 (RLIN) 136799
700 1# - ENTRADA AGREGADA--NOMBRE PERSONAL
Nombre de persona Cea Olivares, Raymundo.
9 (RLIN) 37266
700 1# - ENTRADA AGREGADA--NOMBRE PERSONAL
Nombre de persona Gómez Lara, Jacobo.
9 (RLIN) 58007
852 ## - LOCALIZACIÓN
Ubicación ES-MaACL
Número de control de estantería L-9090
Sublocalización o colección R.100956
Holdings
Estatus retirado Estado de pérdida Estado de daño No para préstamo Biblioteca de origen Biblioteca actual Ubicación en estantería Fecha de adquisición Fuente de adquisición Total de préstamos Signatura topográfica completa Código de barras Visto por última vez Precio de reemplazo Tipo de ítem Koha
        Biblioteca del Ateneo de Madrid Biblioteca del Ateneo de Madrid Depósito 2 17/01/2008     L-9090 1085270 23/02/2023 23/02/2023 Libro impreso